|
|
|
|
| LEADER |
00000ckm a2200000 a 4500 |
| 001 |
vtls001200956 |
| 003 |
SK-MaSNL |
| 005 |
20260331203142.0 |
| 007 |
kf co |
| 008 |
230718s1988 xo g 0k|slo |
| 015 |
|
|
|a SNBG1988
|
| 035 |
|
|
|a SNK000144026
|
| 035 |
|
|
|a urn:nbn:sk:snk-km3m0ah
|
| 035 |
|
|
|a C88FC989-B62A-46FD-A3DB-0C067E0E5555
|
| 035 |
|
|
|a urn:nbn:sk:snk-km00dmyv
|
| 040 |
|
|
|a SNK
|b slo
|c SNK
|e AACR2
|
| 041 |
0 |
|
|a slo
|
| 043 |
|
|
|a e-xo---
|
| 044 |
|
|
|a xo
|c SK
|
| 072 |
|
7 |
|a 908(437)
|x Vlastiveda Česka a Slovenska
|2 konspekt
|
| 072 |
|
7 |
|a 640.4
|x Hotelierstvo. Stravovanie
|2 konspekt
|
| 072 |
|
7 |
|a 71
|x Územné plánovanie. Urbanizmus. Pamiatková starostlivosť
|2 konspekt
|
| 072 |
|
7 |
|a 792
|x Divadlo. Divadelné predstavenia
|2 konspekt
|
| 072 |
|
7 |
|a 72
|x Architektúra
|2 konspekt
|
| 080 |
|
|
|a 908.437.671(084.121)
|2 1981
|
| 080 |
|
|
|a 640.412
|2 2011
|
| 080 |
|
|
|a 711.73
|2 2011
|
| 080 |
|
|
|a 792.05
|2 2011
|
| 080 |
|
|
|a 725.1:342.3-057.341/.343
|2 2011
|
| 100 |
1 |
|
|a Šmátrala, Milan
|c (fotograf)
|4 pht
|9 164919
|
| 245 |
1 |
0 |
|a Košice
|h grafika
|b Hotel Slovan : Leninova ulica : Štátne divadlo : Jakubov palác
|c foto: Milan Šmátrala, František Vrbovský, Ján Sláma
|
| 260 |
|
|
|a Bratislava
|b Pravda
|c 1988
|e Bratislava
|f Pravda
|
| 300 |
|
|
|a 1 pohľadnica (4 čiastkové pohľady)
|b farebná
|c 15 x 11 cm
|
| 500 |
|
|
|a Zobrazenie: pohľad na hotel Slovan vľavo vyobrazený erb, pod ním Leninova ulica, budova divadlo a Jakabov palác
|
| 610 |
2 |
7 |
|a Hotel Slovan (Košice, Slovensko)
|2 SNKKA
|9 97493
|
| 610 |
2 |
7 |
|a Štátne divadlo Košice
|2 SNKKA
|9 120184
|
| 610 |
2 |
7 |
|a Jakabov palác (Košice, Slovensko)
|2 SNKKA
|9 29729
|
| 650 |
0 |
7 |
|a hotely
|2 SNKPH
|9 18422
|
| 650 |
0 |
7 |
|a ulice
|2 SNKPH
|9 2938
|
| 650 |
0 |
7 |
|a divadlá
|2 SNKPH
|9 29113
|
| 650 |
0 |
7 |
|a paláce
|2 SNKPH
|9 26828
|
| 651 |
|
7 |
|a Košice (Slovensko)
|2 SNKPHgeo
|9 18694
|
| 651 |
|
7 |
|a Hlavná ulica (Košice, Slovensko)
|2 SNKPH
|9 29594
|
| 655 |
|
7 |
|a miestne pohľadnice
|2 SNKPH
|9 70510
|
| 700 |
1 |
|
|a Vrbovský, František
|c (fotograf)
|4 pht
|9 283300
|
| 700 |
1 |
|
|a Sláma, Ján
|c (fotograf)
|4 pht
|9 283283
|
| 852 |
|
|
|a Slovenská národná knižnica
|
| 954 |
|
|
|a pohľadnice pôvodné (slovenské)
|2 lita
|
| 954 |
|
|
|a pohľadnice cudzojazyčné (svetové)
|2 lita
|
| 958 |
|
|
|a GBN
|
| 958 |
|
|
|a TL
|
| 958 |
|
|
|a GC
|
| 958 |
|
|
|a OND
|
| 958 |
|
|
|a EUIPO
|
| 999 |
|
|
|c 955913
|d 957843
|
| 952 |
|
|
|a SNK
|b SNK
|y PREZ
|7 0
|p 17A1242723
|o snkSP 139386
|i snk1663/88
|0 0
|1 0
|4 0
|d 2018-06-25
|f 1
|l 0
|r 2026-02-24 10:02:45
|w 2026-02-24
|
| 952 |
|
|
|a SNK
|b SNK
|y PREZ
|7 0
|p 17A1242724
|o snkSP 139386 D1
|i snk1664/88
|0 0
|1 0
|4 0
|d 2018-06-25
|l 0
|r 2026-02-24 10:02:45
|w 2026-02-24
|